ՀՀ Գիտությունների ազգային ակադեմիայի հիմնարար գիտական գրադարան  =   Fundamental Scientific Library of NAS RA

Лимонник / (Record no. 218471)

MARC details
000 -LEADER
fixed length control field 01054nam a2200241 u 4500
001 - CONTROL NUMBER
control field 000628740
003 - CONTROL NUMBER IDENTIFIER
control field AM-YeHGA
005 - DATE AND TIME OF LATEST TRANSACTION
control field 20250617140348.0
008 - FIXED-LENGTH DATA ELEMENTS--GENERAL INFORMATION
fixed length control field 090203s1981 ru |||||r|||||000|0|rus|d
040 ## - CATALOGING SOURCE
Original cataloging agency AM-YeHGA
041 0# - LANGUAGE CODE
Language code of text/sound track or separate title rus
090 ## - LOCALLY ASSIGNED LC-TYPE CALL NUMBER (OCLC); LOCAL CALL NUMBER (RLIN)
-- 219999
100 1# - MAIN ENTRY--PERSONAL NAME
Personal name Лупандин, Анатолий Васильевич
245 10 - TITLE STATEMENT
Title Лимонник /
Statement of responsibility, etc. А.В. Лупандин, И.И. Лапаев ; Под ред. П.Ф. Коновалова.
260 ## - PUBLICATION, DISTRIBUTION, ETC.
Place of publication, distribution, etc. Хабаровск :
Name of publisher, distributor, etc. Кн. изд-во,
Date of publication, distribution, etc. 1981.
300 ## - PHYSICAL DESCRIPTION
Extent 128 с. :
Other physical details ил., табл. ;
Dimensions 20 см.
504 ## - BIBLIOGRAPHY, ETC. NOTE
Bibliography, etc. note Список лит.: с. 119-126
650 14 - SUBJECT ADDED ENTRY--TOPICAL TERM
Topical term or geographic name entry element Лекарственные растения
General subdivision Классификация
-- Фармакология
-- Терапевтическое применение
650 14 - SUBJECT ADDED ENTRY--TOPICAL TERM
Topical term or geographic name entry element Аралиевые
650 14 - SUBJECT ADDED ENTRY--TOPICAL TERM
Topical term or geographic name entry element Лимонник
General subdivision Терапевтическое применение
-- Прием и дозировка
700 1# - ADDED ENTRY--PERSONAL NAME
Personal name Лапаев, Иван Иванович
700 1# - ADDED ENTRY--PERSONAL NAME
Personal name Коновалов, П.Ф.
Relator term ред.
Relationship edt
Holdings
Withdrawn status Lost status Damaged status Not for loan Collection Home library Current library Date acquired Total checkouts Full call number Barcode Date last seen Price effective from Koha item type Public note
        General Fundamental Scientific Library Fundamental Scientific Library 29/12/2016   PII/469173 FL0303566 29/12/2016 29/12/2016 Գրքեր / Books 30 Days Loan


ՀՀ ԳԱԱ հիմնարար գիտական գրադարան
ՀՀ,Երևան 0019
Մարշալ Բաղրամյան 24/6
հեռախոս:(374-10) 52-47-50
Հետադարձ կապ

All site content, except where otherwise noted, is licensed under a
Creative Commons License